000 01237nam a2200241Ia 4500
999 _c38402
_d38402
001 4412
003 GE_BSU
005 20190516205217.0
008 181216s1962|||| |||||||||||||| ||geo||
040 _cGE_BSU
041 _ageo
080 _a531.01(072) ა–38
100 _aაიზენბერგი, ტ.
_91288
245 _aმეთოდური მითითებანი თეორიული მექანიკის ამოცანების ამოსახსნელად :
_bმეთოდ. მითითებები უმაღლ. სასწ. დაუსწრ. სწავლების სტ-ბისათვის /
_cტ. აიზენბერგი ; ი. ვორონკოვი ; ვ. ოსეცკი ; რედ : ა.გორგიძე.
264 _aთბილისი .:
_bსპი გამ-ბა,
_c1962.
300 _a187 გვ .:
_c25 სმ.
653 _aთეორიული მექანიკა
653 _aფიზიკა
700 _aვორონკოვი, ი
_91212
700 _aოსეცკი, ვ
_91210
700 _aგორგიძე, ა
_eრედაქტორი
_91282
942 _cBK
_2udc